Insurance Organization and Management / (Record no. 185761)
[ view plain ]
| 000 -LEADER | |
|---|---|
| fixed length control field | 00933 a2200169 4500 |
| 003 - CONTROL NUMBER IDENTIFIER | |
| control field | Nust |
| 005 - DATE AND TIME OF LATEST TRANSACTION | |
| control field | 20230314101009.0 |
| 040 ## - CATALOGING SOURCE | |
| Transcribing agency | Nust |
| 082 ## - DEWEY DECIMAL CLASSIFICATION NUMBER | |
| Classification number | 368,WEL |
| 100 ## - MAIN ENTRY--PERSONAL NAME | |
| Personal name | J. R. Welson |
| 9 (RLIN) | 110224 |
| 245 ## - TITLE STATEMENT | |
| Title | Insurance Organization and Management / |
| Statement of responsibility, etc. | J.B. Welson and F.H. Sherriff. |
| 260 ## - PUBLICATION, DISTRIBUTION, ETC. | |
| Place of publication, distribution, etc. | London |
| Name of publisher, distributor, etc. | Sir Issac and pitman sons |
| Date of publication, distribution, etc. | 1945 |
| 300 ## - PHYSICAL DESCRIPTION | |
| Extent | 302, p: |
| 505 ## - FORMATTED CONTENTS NOTE | |
| Formatted contents note | Introductory (Page-1), Constitution of an Insurance Company (Page-4), The Office (Page-20), Office Systems (Page-37), Mechanization (Page-61), Office Organization (Page-88), Office Management (Page-102), Remuneration (Page-125), Officers of the Company (Page-139), Correspondence (Page-147), Branch Control and Audits (Page-168), Agency (Page-177), Secrtial matters (Page-191), The Life Departments (Page-219), The Fire Departments (Page-254), The Accident Department (Page-268). |
| 650 ## - SUBJECT ADDED ENTRY--TOPICAL TERM | |
| Topical term or geographic name entry element | Insurance orgnazation and mangament |
| 9 (RLIN) | 110225 |
| 942 ## - ADDED ENTRY ELEMENTS (KOHA) | |
| Source of classification or shelving scheme | |
| Koha item type | Book |
| Withdrawn status | Lost status | Source of classification or shelving scheme | Damaged status | Not for loan | Permanent Location | Current Location | Shelving location | Date acquired | Full call number | Barcode | Date last seen | Price effective from | Koha item type | Public note |
|---|---|---|---|---|---|---|---|---|---|---|---|---|---|---|
| Military College of Signals (MCS) | Military College of Signals (MCS) | General Stacks | 12/12/2016 | 368,WEL | MCS30021 | 12/08/2016 | 12/12/2016 | Book | Almirah No.74, Shelf No.3 |
